[Event "EU-ch Blitz"]
[Site "Katowice"]
[Date "2021.12.17"]
[Round "22"]
[White "Szczurek, Krzysztof"]
[Black "Kowalczyk, Rafal"]
[Result "0-1"]
[WhiteElo "2090"]
[BlackElo "2235"]
[PlyCount "152"]
[EventDate "2021.12.17"]
[EventType "swiss (blitz)"]
[EventRounds "22"]
[EventCountry "POL"]
[SourceTitle "CBM 205 Extra"]
[Source "ChessBase"]
[SourceDate "2022.01.31"]
[SourceVersion "1"]
[SourceVersionDate "2022.01.31"]
[SourceQuality "1"]

1. e4 e5 2. Nf3 Nc6 3. Bc4 Nf6 4. d3 Be7 5. c3 0-0 6. Nbd2 d6 7. Bb3 Na5 8. Bc2 c5 9. Nf1 Nc6 10. Ng3 d5 11. Qe2 Re8 12. 0-0 h6 13. h3 Bf8 14. Nh4 g6 15. Bb3 Na5 16. Bc2 b5 17. Bd2 dxe4 18. dxe4 Nc4 19. Bc1 Nd6 20. Nf3 Bb7 21. Bd2 Nc4 22. Bc1 a5 23. b3 Nd6 24. Bb2 c4 25. Rfd1 Qb6 26. Bc1 Rad8 27. Rb1 Qc6 28. bxc4 Nxc4 29. Bd3 Ba6 30. Bxc4 bxc4 31. Be3 Rd3 32. Rb6 Qd7 33. Rxd3 cxd3 34. Qd2 Re6 35. Nxe5 Rxe5 36. Rxa6 Nxe4 37. Nxe4 Rxe4 38. Rxa5 Bg7 39. a4 Rc4 40. Ra8+ Kh7 41. Ra7 Qd5 42. Bd4 Bxd4 43. cxd4 Rxd4 44. a5 Rc4 45. Re7 Rc2 46. Qf4 Kg7 47. Re1 d2 48. Rd1 Ra2 49. a6 Qa5 50. a7 Qxa7 51. Rxd2 Ra1+ 52. Kh2 Ra4 53. Qe5+ f6 54. Qe6 Rd4 55. Re2 Rd7 56. Qe8 Qc7+ 57. g3 Rf7 58. Ra2 Qb6 59. Qe2 Qc5 60. Rc2 Qa7 61. Ra2 Qd4 62. Rd2 Qc5 63. Rc2 Qg5 64. Rb2 h5 65. Rb5 Qc1 66. Rb8 Qc5 67. Rb2 Qc7 68. Qf3 h4 69. Re2 hxg3+ 70. Qxg3 Qb7 71. h4 Qd5 72. Qg2 Qh5 73. Qe4 Rd7 74. Rb2 Qc5 75. Qf3 Qe5+ 76. Qg3 Qxb2 0-1

[Event "Bydgoszcz PGNiG Blitz"]
[Site "Bydgoszcz"]
[Date "2021.09.19"]
[Round "4"]
[White "Socko, Monika"]
[Black "Kowalczyk, Rafal"]
[Result "1-0"]
[WhiteElo "2385"]
[BlackElo "2235"]
[PlyCount "133"]
[EventDate "2021.09.19"]
[EventType "swiss (blitz)"]
[EventRounds "13"]
[EventCountry "POL"]
[SourceTitle "CBM 204 Extra"]
[Source "ChessBase"]
[SourceDate "2021.11.30"]
[SourceVersion "1"]
[SourceVersionDate "2021.11.30"]
[SourceQuality "1"]

1. d4 Nf6 2. c4 e6 3. Nf3 b6 4. g3 Ba6 5. b3 Bb4+ 6. Bd2 Be7 7. Bg2 c6 8. Nc3 d5 9. Ne5 Nfd7 10. Nxd7 Nxd7 11. 0-0 f5 12. Qc2 0-0 13. Rad1 Rc8 14. cxd5 cxd5 15. Qb2 Nf6 16. Rfe1 Qd6 17. Rc1 Qa3 18. Qa1 Bb4 19. Nb1 Qa5 20. Bxb4 Qxb4 21. Qb2 h6 22. a3 Qd6 23. Nd2 Kh7 24. Nf3 Nd7 25. e3 g5 26. Rxc8 Rxc8 27. Rc1 Rc6 28. b4 Qc7 29. Rxc6 Qxc6 30. Ne1 Bc4 31. Qc3 b5 32. Nd3 Qd6 33. Nc5 Qe7 34. Bf1 Nb6 35. Bg2 Kg6 36. Qc1 Kf6 37. h3 Qe8 38. Qd1 h5 39. h4 g4 40. Qc1 Qa8 41. e4 Qg8 42. Qh6+ Qg6 43. Qh8+ Kf7 44. e5 f4 45. gxf4 Qb1+ 46. Kh2 Qf5 47. Qh6 Be2 48. Nb7 Nc4 49. Qg5 Qxg5 50. fxg5 Nxa3 51. Kg3 Nc2 52. Nd8+ Ke7 53. Nc6+ Kf7 54. Nxa7 Nxd4 55. Kf4 Bc4 56. Ke3 Nc2+ 57. Kd2 Nxb4 58. Kc3 Na6 59. Nc6 Nc5 60. f3 g3 61. f4 Ne4+ 62. Kd4 Ba2 63. Nd8+ Ke7 64. g6 Kf8 65. Nxe6+ Kg8 66. f5 b4 67. f6 1-0

[Event "Bydgoszcz PGNiG Rapid"]
[Site "Bydgoszcz"]
[Date "2021.09.18"]
[Round "3"]
[White "Kowalczyk, Rafal"]
[Black "Socko, Bartosz"]
[Result "0-1"]
[WhiteElo "2235"]
[BlackElo "2617"]
[PlyCount "58"]
[EventDate "2021.09.18"]
[EventType "swiss (rapid)"]
[EventRounds "9"]
[EventCountry "POL"]
[SourceTitle "CBM 204 Extra"]
[Source "ChessBase"]
[SourceDate "2021.11.30"]
[SourceVersion "1"]
[SourceVersionDate "2021.11.30"]
[SourceQuality "1"]

1. e4 c6 2. d4 d5 3. Nc3 dxe4 4. Nxe4 Bf5 5. Ng3 Bg6 6. h4 h6 7. Nf3 Nd7 8. h5 Bh7 9. Bd3 Bxd3 10. Qxd3 e6 11. Bd2 Ngf6 12. 0-0-0 a5 13. Kb1 a4 14. c4 Be7 15. Bc3 0-0 16. Ne5 Qc7 17. f4 b5 18. Qf3 bxc4 19. Qxc6 Qxc6 20. Nxc6 Bd6 21. Ne5 Bxe5 22. dxe5 Nd5 23. Ne4 Rfb8 24. Rd4 a3 25. g3 Nc5 26. Rc1 axb2 27. Rc2 Nxe4 28. Rxe4 Nxc3+ 29. Rxc3 Rxa2 0-1

[Event "Rubinstein Memorial op-A 57th"]
[Site "Polanica Zdroj"]
[Date "2021.08.19"]
[Round "6"]
[White "Praczukowski, Stanislaw"]
[Black "Kowalczyk, Rafal"]
[Result "0-1"]
[WhiteElo "2073"]
[BlackElo "2272"]
[PlyCount "176"]
[EventDate "2021.08.14"]
[EventType "swiss"]
[EventRounds "9"]
[EventCountry "POL"]
[SourceTitle "CBM 203 Extra"]
[Source "ChessBase"]
[SourceDate "2021.09.30"]
[SourceVersion "1"]
[SourceVersionDate "2021.09.30"]
[SourceQuality "1"]

1. d4 Nf6 2. c4 e6 3. Nf3 b6 4. Nc3 Bb7 5. a3 d5 6. cxd5 Nxd5 7. e3 Be7 8. Bb5+ c6 9. Bd3 c5 10. 0-0 0-0 11. Qc2 g6 12. e4 Nxc3 13. bxc3 cxd4 14. cxd4 Nc6 15. Bb2 Rc8 16. Qe2 Bf6 17. Rfd1 Nxd4 18. Nxd4 Bxd4 19. Ba6 Bxa6 20. Qxa6 Bxb2 21. Rxd8 Rfxd8 22. Rf1 Rc7 23. h4 h5 24. Re1 Rd2 25. Re2 Rxe2 26. Qxe2 Bxa3 27. g4 hxg4 28. Qxg4 Rc5 29. Qg3 Bb2 30. Qb8+ Kg7 31. f4 Rh5 32. Qxa7 Bd4+ 33. Kg2 Rxh4 34. Kg3 Rh5 35. Qa4 e5 36. fxe5 Bxe5+ 37. Kg2 Bf6 38. Qc6 b5 39. Qb6 Bc3 40. Qb7 Bf6 41. Qb6 Bc3 42. Qb7 b4 43. Qb6 Rh4 44. Qb7 Rg4+ 45. Kf2 Rh4 46. Kg2 Rf4 47. Qd5 Rf6 48. Qb5 Kh6 49. Kg3 Be1+ 50. Kg4 Bd2 51. Kg3 Bc3 52. Kg2 Rd6 53. Kf3 Rd2 54. Qc5 Rd7 55. Qb5 Ra7 56. Qd5 Ra6 57. Kg4 Re6 58. Kf3 Kg7 59. Qb5 Rf6+ 60. Kg3 Be1+ 61. Kg4 Bd2 62. Qd5 Bc3 63. Qb5 Rf2 64. Qc5 Rf1 65. Qc4 Rb1 66. Kf4 Rb2 67. Qc5 Kh7 68. Qc4 Bg7 69. e5 b3 70. e6 fxe6 71. Qxe6 Rf2+ 72. Kg5 Rf5+ 73. Kg4 b2 74. Qe1 Rb5 75. Qb1 Rb4+ 76. Kg5 Bh6+ 77. Kf6 Rf4+ 78. Ke6 Rb4 79. Kf6 Bg7+ 80. Kf7 Rf4+ 81. Ke6 Ra4 82. Qh1+ Kg8 83. Qb7 Ra6+ 84. Ke7 Ra7 85. Qxa7 b1Q 86. Qa8+ Kh7 87. Qd5 Qb4+ 88. Kd7 Qd4 0-1

[Event "Rubinstein Memorial op-A 57th"]
[Site "Polanica Zdroj"]
[Date "2021.08.17"]
[Round "4"]
[White "Paprocki, Antoni"]
[Black "Kowalczyk, Rafal"]
[Result "0-1"]
[WhiteElo "1982"]
[BlackElo "2272"]
[PlyCount "96"]
[EventDate "2021.08.14"]
[EventType "swiss"]
[EventRounds "9"]
[EventCountry "POL"]
[SourceTitle "CBM 203 Extra"]
[Source "ChessBase"]
[SourceDate "2021.09.30"]
[SourceVersion "1"]
[SourceVersionDate "2021.09.30"]
[SourceQuality "1"]

1. d4 Nf6 2. c4 e6 3. g3 Bb4+ 4. Nd2 c5 5. a3 Bxd2+ 6. Qxd2 cxd4 7. Nf3 d5 8. cxd5 Qxd5 9. Qxd4 Nc6 10. Qxd5 Nxd5 11. b4 f6 12. Bb2 e5 13. Bg2 Be6 14. Rc1 a6 15. Nd2 0-0-0 16. Ne4 Kc7 17. 0-0 Rhe8 18. Nc5 Bc8 19. Rc2 Kb6 20. Rfc1 Nde7 21. Na4+ Ka7 22. Rc5 Rd2 23. Bf3 Red8 24. b5 axb5 25. Rxb5 Bh3 26. Nc3 Be6 27. Ne4 Rd1+ 28. Kg2 Rxc1 29. Bxc1 Nd4 30. Be3 Nef5 31. Bxd4+ Nxd4 32. Rb2 Bd5 33. Nc3 Bxf3+ 34. exf3 Ka6 35. Ne4 Rc8 36. h4 b5 37. Rb4 Rc4 38. Rb2 Ka5 39. h5 h6 40. Nd6 Rc3 41. Ne8 Ka4 42. Nxg7 Rc8 43. f4 Rg8 44. fxe5 fxe5 45. Nf5 Nxf5 46. Rb4+ Ka5 47. Re4 Rg5 48. a4 Nd6 0-1

[Event "Rubinstein Memorial op-A 57th"]
[Site "Polanica Zdroj"]
[Date "2021.08.14"]
[Round "1"]
[White "Kowalczyk, Rafal"]
[Black "Dziewonski, Dariusz"]
[Result "1-0"]
[WhiteElo "2272"]
[BlackElo "1937"]
[PlyCount "69"]
[EventDate "2021.08.14"]
[EventType "swiss"]
[EventRounds "9"]
[EventCountry "POL"]
[SourceTitle "CBM 203 Extra"]
[Source "ChessBase"]
[SourceDate "2021.09.30"]
[SourceVersion "1"]
[SourceVersionDate "2021.09.30"]
[SourceQuality "1"]

1. e4 e5 2. Nf3 Nc6 3. Bc4 Bc5 4. c3 Nf6 5. d4 exd4 6. e5 d5 7. Bb5 Ne4 8. cxd4 Bb6 9. Be3 0-0 10. Nc3 Bf5 11. 0-0 Na5 12. Ne2 Qe7 13. Nf4 Rfd8 14. Rc1 Rac8 15. Qa4 a6 16. Be2 Nc6 17. a3 h6 18. h4 Qd7 19. Qb3 Na5 20. Qa2 c5 21. dxc5 Bxc5 22. Bxc5 Nxc5 23. b4 Nab3 24. Rce1 Na4 25. Qxb3 Rc3 26. Qa2 d4 27. Bd1 Nb6 28. Bb3 Qc7 29. e6 Rxb3 30. Qxb3 Qxf4 31. exf7+ Kf8 32. Re8+ Rxe8 33. fxe8Q+ Kxe8 34. Qg8+ Kd7 35. Qxg7+ 1-0

[Event "POL-ch Academic"]
[Site "Katowice"]
[Date "2020.11.13"]
[Round "4"]
[White "Budzinski, Jan"]
[Black "Kowalczyk, Rafal"]
[Result "0-1"]
[WhiteElo "1987"]
[BlackElo "2272"]
[PlyCount "64"]
[EventDate "2020.11.13"]
[EventType "swiss (rapid)"]
[EventRounds "9"]
[EventCountry "POL"]
[SourceTitle "CBM 199 Extra"]
[Source "ChessBase"]
[SourceDate "2021.01.31"]
[SourceVersion "1"]
[SourceVersionDate "2021.01.31"]
[SourceQuality "1"]

1. e4 e5 2. Nf3 Nc6 3. Bb5 a6 4. Ba4 Nf6 5. 0-0 Be7 6. c3 b5 7. Bc2 d5 8. exd5 Qxd5 9. Bb3 Qd6 10. d4 exd4 11. Nxd4 Nxd4 12. Qxd4 Qxd4 13. cxd4 Bb7 14. Bf4 0-0-0 15. Bxf7 Rxd4 16. Be6+ Kb8 17. Bg3 h5 18. Nc3 Bd6 19. Rfd1 Rxd1+ 20. Rxd1 Bxg3 21. fxg3 Re8 22. Bf7 Re7 23. Bg6 b4 24. Nb1 Re2 25. Rd2 Re1+ 26. Kf2 Rh1 27. a3 Ng4+ 28. Ke2 Rxh2 29. axb4 Rxg2+ 30. Ke1 Rg1+ 31. Ke2 Ne5 32. Nc3 Nxg6 0-1